[Event "Mechanics' Neil Falconer TNM; 30/90, SD"]
[Site "San Francisco"]
[Date "2013.09.17"]
[Round "7.17"]
[White "Sherwood, Peter"]
[Black "Rakonitz, David"]
[Result "1-0"]
[WhiteElo "1816"]
[BlackElo "1527"]
[PlyCount "83"]
[EventDate "2013.??.??"]

1. e4 e6 2. d4 d5 3. Nc3 dxe4 4. Nxe4 Nd7 5. Nf3 Ngf6 6. Bd3 Nxe4 7. Bxe4 Nf6
8. Bg5 Be7 9. Bxf6 Bxf6 10. Qd3 h6 11. Bxb7 Rb8 12. Bc6+ Bd7 13. Bxd7+ Qxd7 14.
b3 c5 15. Rd1 cxd4 16. Nxd4 O-O 17. O-O Rfd8 18. Nf3 Qc6 19. Qe2 Qc3 20. Rxd8+
Rxd8 21. Rd1 Rxd1+ 22. Qxd1 Qa1 23. Qxa1 Bxa1 24. Kf1 Kf8 25. Ke2 Ke7 26. Kd3
Bb2 27. c3 Kd6 28. Nd4 Kc5 29. b4+ Kb6 30. a4 Bc1 31. c4 Bf4 32. g3 Bc7 33. c5+
Kb7 34. Kc4 a6 35. b5 axb5+ 36. axb5 e5 37. Nf5 g6 38. Nd6+ Kb8 39. Nxf7 Ba5
40. Nxe5 g5 41. Nf7 Be1 42. f3 1-0

[Event "Mechanics' Summer TNM; 30/90, SD/30"]
[Site "San Francisco"]
[Date "2013.06.25"]
[Round "5.10"]
[White "Sherwood, Peter"]
[Black "Shakhnazarov, Oleg"]
[Result "0-1"]
[WhiteElo "1789"]
[BlackElo "2198"]
[PlyCount "70"]
[EventDate "2013.??.??"]

1. e4 e5 2. Nf3 Nc6 3. Bb5 a6 4. Ba4 Nf6 5. O-O b5 6. Bb3 Bc5 7. Re1 Ng4 8. Rf1
O-O 9. h3 Nf6 10. Re1 d6 11. c3 d5 12. Bxd5 Nxd5 13. exd5 Qxd5 14. d3 Bf5 15.
Be3 Bd6 16. d4 e4 17. Nfd2 Bg6 18. Qb3 Qh5 19. Nf1 Na5 20. Qd1 Qd5 21. b3 f5
22. c4 bxc4 23. Nc3 Qf7 24. bxc4 Nxc4 25. Rb1 f4 26. Bc1 e3 27. Rb3 Rae8 28.
Qf3 exf2+ 29. Kxf2 Rxe1 30. Kxe1 Qe7+ 31. Kf2 Ne3 32. Rb2 Qh4+ 33. Kg1 Qe1 34.
Bxe3 fxe3 35. Qe2 Qxc3 0-1

[Event "Mechanics' Neil Falconer TNM; 30/90, SD"]
[Site "San Francisco"]
[Date "2013.08.20"]
[Round "3.22"]
[White "Sherwood, Peter"]
[Black "Simpkins, Jerry"]
[Result "1-0"]
[WhiteElo "1816"]
[BlackElo "1465"]
[Annotator "Sherwood"]
[PlyCount "81"]
[EventDate "2013.??.??"]

1. e4 e5 2. Nf3 d5 3. exd5 e4 4. Qe2 f5 5. d3 Nf6 6. dxe4 fxe4 7. Nc3 Be7 8.
Nd2 O-O 9. Ndxe4 Re8 10. Qc4 Bd6 11. Be3 Bf5 12. Nxd6 Qxd6 13. O-O-O Nbd7 14.
Nb5 Qe7 15. d6+ Qe6 16. Qxe6+ Rxe6 17. Bc4 cxd6 18. Bxe6+ ({If} 18. Nc7 d5) (
18. Rxd6 $142) 18... Bxe6 19. Nc7 Re8 20. Nxe8 Nxe8 21. Rhe1 Ne5 22. Bxa7 Kf7
23. Bd4 Nc6 24. Bc3 d5 25. h3 Nd6 26. f3 b5 27. a3 Nf5 28. Re2 Ng3 29. Ree1 g5
30. Be5 Nf5 31. Re2 h5 32. Rde1 d4 33. Bh2 Bc4 34. Rd2 b4 35. b3 Bd5 36. a4 Ne3
37. Bg1 Nf5 38. Red1 Ng3 39. Bf2 Nf5 40. Bxd4 Ncxd4 41. Rxd4 {
Black will lose the b-pawn} 1-0

[Event "Mechanics' Fall TNM; 30/90, SD/30"]
[Site "San Francisco"]
[Date "2013.12.17"]
[Round "9.10"]
[White "Sherwood, Peter"]
[Black "Steger, Eric"]
[Result "0-1"]
[WhiteElo "1817"]
[BlackElo "1936"]
[PlyCount "102"]
[EventDate "2013.??.??"]

1. e4 e5 2. Nf3 Nc6 3. Bb5 a6 4. Ba4 Nf6 5. O-O b5 6. Bb3 Be7 7. Re1 d6 8. h3
Na5 9. c3 Nxb3 10. Qxb3 Be6 11. Qc2 c5 12. d4 Qc7 13. d5 Bd7 14. Nbd2 O-O 15.
Nf1 Rfc8 16. Bg5 Qd8 17. Qd2 h6 18. Be3 Nxe4 19. Qe2 Ng5 20. Nxg5 Bxg5 21. Bxg5
Qxg5 22. Ng3 f5 23. Kh2 Rf8 24. Rad1 g6 25. Qd2 Qxd2 26. Rxd2 c4 27. Kg1 Rac8
28. a3 Kf7 29. Kf1 g5 30. Ke2 Kg6 31. Rh1 e4 32. Kd1 Rfe8 33. Re1 Re5 34. Kc2
Rc5 35. Red1 f4 36. Nf1 Bf5 37. Kc1 h5 38. Rd4 e3 39. fxe3 fxe3 40. Re1 e2 41.
Ng3 Bd3 42. Kd2 Rcxd5 43. Rxd5 Rxd5 44. Nxe2 Bxe2+ 45. Kxe2 Re5+ 46. Kd2 Rxe1
47. Kxe1 Kf5 48. Kf2 Kf4 49. g3+ Ke4 50. Ke2 g4 51. hxg4 hxg4 0-1

[Event "Mechanics' Spring TNM; 30/90, SD/30"]
[Site "San Francisco"]
[Date "2013.04.30"]
[Round "7.11"]
[White "Sherwood, Peter"]
[Black "Thornally, Frank"]
[Result "0-1"]
[WhiteElo "1812"]
[BlackElo "2218"]
[PlyCount "140"]
[EventDate "2013.??.??"]

1. e4 e5 2. Nf3 Nc6 3. Bb5 a6 4. Ba4 Nf6 5. O-O Be7 6. Re1 b5 7. Bb3 d6 8. h3
O-O 9. c3 Nd7 10. d4 Bf6 11. d5 Ne7 12. a4 Bb7 13. axb5 axb5 14. Rxa8 Qxa8 15.
Be3 Ng6 16. Na3 Ba6 17. Nc2 Nc5 18. Bxc5 dxc5 19. Ne3 c4 20. Bc2 Be7 21. Nf5
Bc5 22. Ng5 h6 23. Nf3 Rd8 24. Qc1 Qa7 25. Ne3 f6 26. g3 Bb7 27. Qa1 Qb6 28. b4
Bf8 29. Qb2 Ne7 30. Bb1 g6 31. Ng4 Bg7 32. Qc1 Kh7 33. Qe3 Qd6 34. Qa7 Bc8 35.
Qc5 Qd7 36. Bc2 h5 37. Ngh2 Bf8 38. h4 Nf5 39. Qc6 Qxc6 40. dxc6 Ne7 41. Ra1
Nxc6 42. Nf1 Bh6 43. Kg2 Kg8 44. Ne3 Bxe3 45. fxe3 Kf8 46. Kf2 Bb7 47. Ke2 Ke7
48. Ne1 Rd6 49. Nf3 Nd8 50. Nd2 Kd7 51. Ra5 Kc6 52. Nb1 Kb6 53. Na3 Bc6 54. Nb1
Nf7 55. Ra2 Rd8 56. Nd2 Nd6 57. Ra1 Bb7 58. Rf1 Rf8 59. Rf2 c5 60. bxc5+ Kxc5
61. Kd1 b4 62. cxb4+ Kxb4 63. Bb1 c3 64. Nf1 Bxe4 65. Bc2 Bxc2+ 66. Kxc2 Ne4
67. Re2 Ra8 68. Kb1 Kb3 69. Rg2 c2+ 70. Rxc2 Nc3+ 0-1

[Event "Mechanics' Fall TNM; 30/90, SD/30"]
[Site "San Francisco"]
[Date "2013.11.12"]
[Round "4.10"]
[White "Sherwood, Peter"]
[Black "Uzzaman, Ashik"]
[Result "0-1"]
[WhiteElo "1817"]
[BlackElo "1923"]
[PlyCount "80"]
[EventDate "2013.??.??"]

1. e4 c5 2. Nf3 g6 3. d4 cxd4 4. Nxd4 Nc6 5. Nc3 Bg7 6. Be3 Nf6 7. f3 O-O 8.
Qd2 d5 9. O-O-O dxe4 10. fxe4 Ng4 11. Bg1 Bh6 12. Qxh6 Nxh6 13. Nxc6 Qe8 14.
Ne5 e6 15. Bc5 a6 16. Bxf8 Kxf8 17. Be2 b5 18. Bf3 Ra7 19. Rd6 Rc7 20. Rhd1 Kg7
21. Ne2 Qe7 22. Kb1 Qg5 23. Nc6 Qc5 24. e5 Nf5 25. c3 Nxd6 26. exd6 Rxc6 27. d7
Bxd7 28. Rxd7 Rd6 29. Rxd6 Qxd6 30. Kc2 Qxh2 31. Kb3 Qd6 32. Nd4 f5 33. Bb7 e5
34. Nf3 Qc7 35. Bd5 Qc5 36. Be6 Kf6 37. Bg8 h6 38. c4 Qe3+ 39. Kb4 e4 40. Nh2
Qd2+ 0-1

[Event "Mechanics' Spring TNM; 30/90, SD/30"]
[Site "San Francisco"]
[Date "2013.04.23"]
[Round "6.25"]
[White "Shi, Jaysen"]
[Black "Allen, Tom"]
[Result "0-1"]
[WhiteElo "1736"]
[BlackElo "1535"]
[PlyCount "70"]
[EventDate "2013.??.??"]

1. e4 e5 2. Nf3 Nc6 3. Bc4 Nf6 4. O-O Nxe4 5. d4 exd4 6. Re1 d5 7. Bxd5 Qxd5 8.
Nc3 Qa5 9. Nxe4 Be6 10. Bg5 h6 11. Bf4 O-O-O 12. a3 Qf5 13. Bd2 g5 14. b4 a6
15. Rb1 Bc4 16. a4 Be7 17. Ng3 Qd5 18. b5 axb5 19. axb5 Bxb5 20. Ra1 Ba6 21.
Re4 f5 22. Re1 g4 23. Rxe7 Nxe7 24. Nh4 Qf7 25. Nhxf5 Nxf5 26. Qxg4 Rd5 27.
Nxf5 Qxf5 28. Qg7 Rf8 29. f3 h5 30. Ba5 Rd7 31. Qh6 Rg8 32. Kh1 Rdg7 33. Be1
Rxg2 34. Bg3 R8xg3 35. hxg3 Qh3# 0-1

[Event "Mechanics' Spring TNM; 30/90, SD/30"]
[Site "San Francisco"]
[Date "2013.04.30"]
[Round "7.31"]
[White "Shi, Jaysen"]
[Black "Cole, Tony"]
[Result "1-0"]
[WhiteElo "1736"]
[BlackElo "1439"]
[PlyCount "99"]
[EventDate "2013.??.??"]

1. e4 Nc6 2. d4 d5 3. e5 Bf5 4. Bd3 e6 5. Bxf5 exf5 6. Nf3 h6 7. Be3 Qd7 8.
Nbd2 O-O-O 9. Nb3 f6 10. Qd2 Re8 11. O-O fxe5 12. Nxe5 Nxe5 13. dxe5 Rxe5 14.
Qd4 Re6 15. Qxa7 Ra6 16. Qd4 b6 17. a4 c5 18. Qc3 Nf6 19. Rfd1 Rxa4 20. Rxa4
Qxa4 21. Ra1 Qc6 22. Nd4 Qd7 23. Ra8+ Kb7 24. Qa3 cxd4 25. Ra7+ Kc6 26. Qa4+ b5
27. Qa6+ Kc5 28. b4+ Kxb4 29. Qa3+ Kc4 30. Qd3+ Kc5 31. Qxd4+ Kd6 32. Bf4+ Ke7
33. Qe5+ Kf7 34. Rxd7+ Nxd7 35. Qxd5+ Ke7 36. Bd6+ Ke8 37. Qa8+ Kf7 38. Qc8 Ke6
39. Bb4 Bxb4 40. Qxh8 Kf6 41. Qd8+ Ke6 42. Qe8+ Kd6 43. Qg6+ Ke5 44. Qxg7+ Nf6
45. Qxh6 Bc5 46. h3 Ne4 47. Qh4 f4 48. Qh5+ Kd4 49. Qd1+ Kc3 50. Qd3+ 1-0

[Event "Mechanics' Spring TNM; 30/90, SD/30"]
[Site "San Francisco"]
[Date "2013.03.19"]
[Round "1.3"]
[White "Shi, Jaysen"]
[Black "Fuentes, Romulo"]
[Result "0-1"]
[WhiteElo "1736"]
[BlackElo "2220"]
[PlyCount "66"]
[EventDate "2013.??.??"]

1. e4 c5 2. Nf3 d6 3. d4 cxd4 4. Nxd4 Nf6 5. Nc3 a6 6. Be2 e5 7. Nb3 Be6 8. Be3
Nbd7 9. Qd2 b5 10. a3 Be7 11. h3 O-O 12. g4 Nb6 13. g5 Nfd7 14. Nd5 Bxd5 15.
exd5 Qc7 16. Bg4 Nc4 17. Qc3 Ndb6 18. Bxb6 Qxb6 19. h4 f5 20. gxf6 Bxf6 21.
Be6+ Kh8 22. Qg3 Nxb2 23. h5 Nc4 24. Bf5 e4 25. Qg6 Bc3+ 26. Kd1 Rxf5 27. Qxf5
Bxa1 28. Nxa1 Qd4+ 29. Ke2 Qd2+ 30. Kf1 e3 31. Qf3 exf2 32. Qxf2 Ne3+ 33. Kg1
Qd1+ 0-1

[Event "Mechanics' Fall TNM; 30/90, SD/30"]
[Site "San Francisco"]
[Date "2013.12.17"]
[Round "9.5"]
[White "Shnaiderman, Lazar"]
[Black "Byambaa, Uyanga"]
[Result "1-0"]
[WhiteElo "1802"]
[BlackElo "2066"]
[PlyCount "73"]
[EventDate "2013.??.??"]

1. d4 Nf6 2. c4 g6 3. Nc3 Bg7 4. e4 d6 5. Be2 O-O 6. Bg5 h6 7. Be3 e5 8. d5 a5
9. Qd2 Kh7 10. h4 Na6 11. h5 g5 12. f3 Nc5 13. g4 Bd7 14. Nh3 Ne8 15. Nf2 c6
16. Bd1 Rb8 17. Bc2 Kg8 18. Nd3 Nxd3+ 19. Bxd3 Qf6 20. O-O Qd8 21. b3 Qc8 22.
Na4 cxd5 23. Nb6 Qd8 24. Nxd7 Qxd7 25. cxd5 a4 26. Qb4 axb3 27. axb3 Nc7 28.
Ra7 b5 29. Rc1 Rfc8 30. Qa5 Ra8 31. Rcxc7 Rxc7 32. Rxa8+ Kh7 33. Qxb5 Qe7 34.
Bc4 f5 35. Qe8 Qxe8 36. Rxe8 fxg4 37. fxg4 1-0

[Event "Mechanics' Fall TNM; 30/90, SD/30"]
[Site "San Francisco"]
[Date "2013.11.19"]
[Round "5.19"]
[White "Shnaiderman, Lazar"]
[Black "Cole, Tony"]
[Result "1/2-1/2"]
[WhiteElo "1802"]
[BlackElo "1402"]
[PlyCount "29"]
[EventDate "2013.??.??"]

1. e4 e5 2. Nf3 Nc6 3. d4 exd4 4. c3 Qf6 5. cxd4 Bb4+ 6. Nc3 d6 7. Be3 Bg4 8.
Be2 Nge7 9. O-O O-O 10. Rc1 Ba5 11. d5 Bxf3 12. Bxf3 Ne5 13. Be2 Qg6 14. Bh5
Qf6 15. Be2 1/2-1/2

[Event "Mechanics' Summer TNM; 30/90, SD/30"]
[Site "San Francisco"]
[Date "2013.06.18"]
[Round "4.24"]
[White "Shnaiderman, Lazar"]
[Black "Cowgill, Jackie"]
[Result "1-0"]
[WhiteElo "1800"]
[BlackElo "964"]
[PlyCount "99"]
[EventDate "2013.??.??"]

1. d4 d5 2. c4 c6 3. Nf3 Nf6 4. g3 Bg4 5. Ne5 Bf5 6. Bg2 e6 7. O-O Be7 8. Nc3
O-O 9. e3 Nbd7 10. Nxd7 Qxd7 11. cxd5 exd5 12. Qb3 Rab8 13. Bd2 Bh3 14. Ne2
Bxg2 15. Kxg2 Bd6 16. Bb4 Rfe8 17. Bxd6 Qxd6 18. Nc3 a6 19. a4 a5 20. Rad1 Qc7
21. Rfe1 h5 22. Qc2 Rbc8 23. Qd3 b6 24. Qf5 h4 25. Qh3 hxg3 26. hxg3 Ne4 27.
Rh1 f6 28. Qh7+ Kf7 29. Nxe4 dxe4 30. Qf5 Rcd8 31. Rh7 Rd5 32. Qh3 Rg8 33. Rh1
Qc8 34. Qxc8 Rxc8 35. Rh8 Rg8 36. Rxg8 Kxg8 37. Rc1 b5 38. Rxc6 bxa4 39. f3 Rb5
40. Rc2 exf3+ 41. Kxf3 Rb3 42. Kf4 a3 43. bxa3 Rxa3 44. d5 Rb3 45. Rc5 Rb4+ 46.
Kf5 a4 47. d6 Rb7 48. Ke6 a3 49. d7 Rb8 50. Rc8+ 1-0

[Event "Mechanics' Spring TNM; 30/90, SD/30"]
[Site "San Francisco"]
[Date "2013.04.16"]
[Round "5.22"]
[White "Shnaiderman, Lazar"]
[Black "Cox, Hank"]
[Result "1-0"]
[WhiteElo "1801"]
[BlackElo "1620"]
[PlyCount "43"]
[EventDate "2013.??.??"]

1. d4 Nf6 2. c4 e6 3. Nf3 d5 4. g3 c6 5. Qc2 Nbd7 6. Bg2 Be7 7. O-O O-O 8. Nbd2
Nb6 9. b3 a5 10. Bb2 a4 11. e4 Bb4 12. e5 Ne8 13. Bc3 axb3 14. axb3 Rxa1 15.
Rxa1 Be7 16. Ba5 c5 17. dxc5 Bxc5 18. b4 Qc7 19. bxc5 Qxc5 20. Bxb6 Qxb6 21.
cxd5 exd5 22. Qxc8 1-0

[Event "Mechanics' Spring TNM; 30/90, SD/30"]
[Site "San Francisco"]
[Date "2013.03.26"]
[Round "2.11"]
[White "Shnaiderman, Lazar"]
[Black "Jones, James"]
[Result "0-1"]
[WhiteElo "1801"]
[BlackElo "2000"]
[PlyCount "134"]
[EventDate "2013.??.??"]

1. d4 Nf6 2. c4 c5 3. d5 Ne4 4. Nf3 Qa5+ 5. Nfd2 g6 6. f3 Nf6 7. Nc3 Bg7 8. Nb3
Qb6 9. e4 d6 10. Be3 Nbd7 11. Be2 O-O 12. O-O a6 13. Rb1 Qc7 14. Nd2 Rb8 15. a4
Ne8 16. Qc2 Ne5 17. b3 Qa5 18. Nd1 f5 19. Nb2 f4 20. Bf2 Bd7 21. Nd3 Nxd3 22.
Bxd3 Nc7 23. Rfd1 b5 24. axb5 axb5 25. Be1 Bd4+ 26. Bf2 Bg7 27. Be1 Na6 28. Nf1
Bd4+ 29. Kh1 Nb4 30. Bc3 bxc4 31. Bxc4 Nxc2 32. Bxa5 Ra8 33. Rbc1 Rxa5 34. Rxc2
Rb8 35. Nd2 Ra3 36. Rb1 Kf7 37. g4 g5 38. Kg2 Kg6 39. Kf1 Bb5 40. Bxb5 Rxb5 41.
Ke2 Kf6 42. Kd3 Rb4 43. Rc4 Rb8 44. Rc2 Be3 45. Rcb2 Bxd2 46. Kxd2 Ke5 47. Kc3
h5 48. h3 hxg4 49. hxg4 Rh8 50. Kd3 Rh3 51. Rf1 Rg3 52. Rff2 Rg1 53. Kc3 Rc1+
54. Rfc2 Rxc2+ 55. Rxc2 Ra1 56. Kd3 Re1 57. Rf2 e6 58. dxe6 Kxe6 59. Kc4 Ke5
60. Kc3 Re3+ 61. Kc4 Re1 62. Rd2 Rc1+ 63. Kb5 Rc3 64. Rd5+ Ke6 65. Rxg5 Rxb3+
66. Kc4 Rxf3 67. Rg6+ Ke5 0-1

[Event "Mechanics' Spring TNM; 30/90, SD/30"]
[Site "San Francisco"]
[Date "2013.04.30"]
[Round "7.20"]
[White "Shnaiderman, Lazar"]
[Black "MacIntyre, Brendan"]
[Result "1/2-1/2"]
[WhiteElo "1801"]
[BlackElo "1655"]
[PlyCount "75"]
[EventDate "2013.??.??"]

1. d4 d5 2. c4 c6 3. Nc3 Nf6 4. Nf3 g6 5. e3 Bg7 6. Bd3 O-O 7. O-O Re8 8. cxd5
cxd5 9. Bd2 Nc6 10. Rc1 Bd7 11. Ne5 Bc8 12. Bb5 Qd6 13. Qa4 Bd7 14. Nxd7 Nxd7
15. Ne2 Nb6 16. Qb3 Rec8 17. a4 e6 18. a5 Nd7 19. Qa4 a6 20. Bxc6 bxc6 21. Bb4
Qc7 22. Bc5 Rab8 23. Rc2 Nxc5 24. Rxc5 Bf8 25. Rc2 Rb5 26. Qa2 Rxa5 27. Qb1 c5
28. dxc5 Rxc5 29. Rxc5 Qxc5 30. Rc1 Qb5 31. Rxc8 Qxe2 32. Qc1 Qb5 33. Qc3 a5
34. Qf6 Qd7 35. Ra8 Qc7 36. Qc3 Qb7 37. Qxa5 Qxb2 38. Qd8 {
an interesting result--B has mate in one.} 1/2-1/2

[Event "Mechanics' Neil Falconer TNM; 30/90, SD"]
[Site "San Francisco"]
[Date "2013.08.06"]
[Round "1.2"]
[White "Shnaiderman, Lazar"]
[Black "Manvelyan, Hayk"]
[Result "0-1"]
[WhiteElo "1800"]
[BlackElo "2340"]
[Annotator "Donaldson"]
[PlyCount "60"]
[EventDate "2013.??.??"]

1. d4 Nf6 2. c4 e6 3. Nf3 b6 4. g3 Bb7 5. Bg2 Be7 6. Nc3 O-O 7. Qc2 d6 8. e4
Nbd7 9. O-O c5 10. d5 e5 11. Nh4 g6 12. Bh6 Re8 13. Bh3 Nh5 14. Ng2 Bc8 15. f4
exf4 16. gxf4 Ndf6 17. Bxc8 Qxc8 18. f5 Ng4 19. Qd2 Qd8 20. Bf4 Bf6 21. Rae1 g5
22. h3 Bd4+ 23. Kh1 (23. Be3 Nxe3 24. Nxe3 Ng3 $19) 23... gxf4 24. hxg4 Ng3+
25. Kh2 Nxf1+ 26. Rxf1 Qg5 27. Kh3 Qh6+ 28. Nh4 Bxc3 29. Qxc3 Rxe4 30. g5 Qxg5
0-1

[Event "Mechanics' Neil Falconer TNM; 30/90, SD"]
[Site "San Francisco"]
[Date "2013.08.20"]
[Round "3.24"]
[White "Shnaiderman, Lazar"]
[Black "Otterbach, Renate"]
[Result "1-0"]
[WhiteElo "1800"]
[BlackElo "968"]
[PlyCount "43"]
[EventDate "2013.??.??"]

1. d4 d5 2. c4 e6 3. Nf3 Nf6 4. g3 b6 5. Bg2 Be7 6. O-O O-O 7. Nc3 Bb7 8. cxd5
exd5 9. Ne5 Nbd7 10. Qa4 Nxe5 11. dxe5 Nd7 12. Nxd5 Bxd5 13. Bxd5 Nc5 14. Qd1
c6 15. Bxc6 Qxd1 16. Rxd1 Rac8 17. Bf3 f6 18. b4 Ne6 19. exf6 Rxf6 20. Bb2 Rf5
21. Bg4 Rxf2 22. Bxe6+ 1-0

[Event "Mechanics' Fall TNM; 30/90, SD/30"]
[Site "San Francisco"]
[Date "2013.12.03"]
[Round "7.14"]
[White "Shnaiderman, Lazar"]
[Black "Steger, Eric"]
[Result "1-0"]
[WhiteElo "1802"]
[BlackElo "1936"]
[PlyCount "63"]
[EventDate "2013.??.??"]

1. d4 Nf6 2. c4 g6 3. Nc3 Bg7 4. e4 d6 5. Be2 O-O 6. Bg5 h6 7. Be3 e5 8. d5
Nbd7 9. Qd2 Kh7 10. g4 Nc5 11. f3 a5 12. Bd3 Ng8 13. h4 Nxd3+ 14. Qxd3 Kh8 15.
h5 f5 16. g5 f4 17. gxh6 Bxh6 18. Bf2 g5 19. c5 Rf6 20. cxd6 cxd6 21. Rc1 Bd7
22. Nb5 Rc8 23. Ne2 Rxc1+ 24. Nxc1 Bf8 25. Ne2 Rh6 26. Nec3 Nf6 27. Qc4 Rxh5
28. Rxh5+ Nxh5 29. Qc7 Qxc7 30. Nxc7 Nf6 31. Ne6 g4 $4 32. Nxf8 1-0

[Event "Mechanics' Neil Falconer TNM; 30/90, SD"]
[Site "San Francisco"]
[Date "2013.10.01"]
[Round "9.15"]
[White "Shnaiderman, Lazar"]
[Black "Vichik, Adam"]
[Result "1-0"]
[WhiteElo "1800"]
[BlackElo "1262"]
[PlyCount "53"]
[EventDate "2013.??.??"]

1. d4 e6 2. c4 d5 3. Nf3 Nf6 4. g3 Bb4+ 5. Bd2 Bxd2+ 6. Nbxd2 O-O 7. Bg2 Nbd7
8. O-O b6 9. cxd5 exd5 10. Qc2 Re8 11. Rac1 Ba6 12. Qxc7 Qxc7 13. Rxc7 Rxe2 14.
Rfc1 h6 {Diagram #} 15. Bf1 Rxd2 16. Nxd2 Bxf1 17. Kxf1 Kh7 18. Nf3 a5 19. Ne5
Nxe5 20. dxe5 Ne4 21. Rxf7 Kg6 22. Rb7 Kf5 23. f4 Nd2+ 24. Ke2 Ne4 25. Rxg7 Rd8
26. Rcc7 Nc3+ 27. Kf3 1-0

[Event "Mechanics' Summer TNM; 30/90, SD/30"]
[Site "San Francisco"]
[Date "2013.06.04"]
[Round "2.11"]
[White "Shnaiderman, Lazar"]
[Black "Watson, Farid Mark"]
[Result "1/2-1/2"]
[WhiteElo "1800"]
[BlackElo "2027"]
[PlyCount "33"]
[EventDate "2013.??.??"]

1. d4 Nf6 2. c4 e6 3. Nf3 Bb4+ 4. Bd2 Qe7 5. g3 O-O 6. Bg2 Ne4 7. O-O Bxd2 8.
Nfxd2 Nxd2 9. Qxd2 d6 10. Nc3 c6 11. e4 e5 12. Rad1 a5 13. f4 Bg4 14. Bf3 Bh3
15. Bg2 Bg4 16. Bf3 Bh3 17. Bg2 1/2-1/2

[Event "Mechanics' Neil Falconer TNM; 30/90, SD"]
[Site "San Francisco"]
[Date "2013.09.03"]
[Round "5.12"]
[White "Shnaiderman, Lazar"]
[Black "Whitehead, Paul"]
[Result "0-1"]
[WhiteElo "1800"]
[BlackElo "2385"]
[PlyCount "46"]
[EventDate "2013.??.??"]

1. d4 Nf6 2. c4 g6 3. Nc3 Bg7 4. e4 O-O 5. Be2 d6 6. Bg5 c5 7. d5 b5 8. cxb5 a6
9. Nf3 axb5 10. Bxb5 Nxe4 11. Nxe4 Qa5+ 12. Qd2 Qxb5 13. Nc3 Qc4 14. Rc1 Ba6
15. b3 Qg4 16. Rg1 Nd7 17. Qf4 Qxf4 18. Bxf4 Nb6 19. Bd2 Bxc3 20. Bxc3 Nxd5 21.
Bb2 Nb4 22. Kd2 Nxa2 23. Rge1 Nxc1 0-1

[Event "Mechanics' Fall TNM; 30/90, SD/30"]
[Site "?"]
[Date "2013.10.22"]
[Round "1.28"]
[White "Simkins, Jerry"]
[Black "Harris, Clarence"]
[Result "1-0"]
[WhiteElo "1571"]
[BlackElo "1314"]
[PlyCount "55"]
[EventDate "2013.10.23"]

1. e4 e5 2. Nf3 Nc6 3. Bc4 Nf6 4. Ng5 d5 5. exd5 Na5 6. Bb5+ c6 7. dxc6 bxc6 8.
Ba4 h6 9. Nf3 Bg4 10. h3 Bxf3 11. Qxf3 e4 12. Qf5 Qd4 13. Qxa5 Bc5 14. Bxc6+
Kf8 15. O-O Rd8 16. b4 Bb6 17. c3 Qd6 18. Qa4 Bc7 19. g3 Nh5 20. Ba3 Kg8 21. b5
Qg6 22. Qxe4 Qxe4 23. Bxe4 Re8 24. Bf3 Nf6 25. d4 Kh7 26. Bc5 Rc8 27. Bxa7 Bb8
28. b6 1-0

[Event "Mechanics' Neil Falconer TNM; 30/90, SD"]
[Site "San Francisco"]
[Date "2013.10.01"]
[Round "9.18"]
[White "Simpkins, Jerry"]
[Black "Abraham, Renjish"]
[Result "0-1"]
[WhiteElo "1465"]
[BlackElo "1871"]
[Annotator "Donaldson"]
[PlyCount "86"]
[EventDate "2013.??.??"]

1. e4 c5 2. f4 d5 3. e5 e6 4. c3 Nc6 5. d4 Bd7 6. Nf3 cxd4 7. cxd4 Bb4+ 8. Nc3
Nge7 9. Bd3 a6 10. Be3 Rc8 11. Rc1 Na5 12. O-O O-O {Diagram #} 13. Bxh7+ $1
Kxh7 14. Ng5+ Kg6 15. Qg4 (15. f5+ exf5 16. Ne2 $18) 15... f5 16. Qg3 Qe8 17.
Nxe6+ Kf7 {Diagram #} 18. Ng5+ $2 (18. Nxg7 $1 Rg8 (18... Qd8 19. Nh5 Rg8 20.
Qh4 Ng6 21. Qxd8 Rcxd8 22. Nxd5 $18) 19. Nxe8 Rxg3 20. hxg3 $18) 18... Kg8 19.
Qh4 Qg6 20. Rf3 Qh6 21. Qf2 Be8 22. Rh3 Bh5 23. Qh4 Bxc3 $6 24. bxc3 g6 25. Ne6
Rfe8 26. Qf6 Qh7 $6 (26... Qh8) 27. Rxh5 $4 (27. Ng5 Qg7 28. Qe6+) 27... gxh5
28. Qg5+ Qg6 29. Qxg6+ Nxg6 30. Ng5 Nf8 31. h3 Ne6 32. g4 Nxg5 33. fxg5 fxg4
34. h4 Re6 35. Rc2 Nc4 36. Bc1 Rf8 37. Rf2 Rxf2 38. Kxf2 Kf7 39. Kg3 Rb6 40.
Kf4 Rb1 41. Kf5 Rxc1 42. e6+ Kg7 43. e7 Re1 0-1

[Event "Mechanics' Winter TNM; 30/90, SD/30"]
[Site "San Francisco"]
[Date "2013.01.08"]
[Round "1.24"]
[White "Simpkins, Jerry"]
[Black "Anderson, Michael"]
[Result "0-1"]
[WhiteElo "1339"]
[BlackElo "1931"]
[Annotator "Donaldson"]
[PlyCount "44"]
[EventDate "2013.??.??"]

1. e4 c5 2. f4 Nc6 3. Nf3 g6 4. c3 Nf6 5. e5 Nd5 6. d4 cxd4 7. cxd4 Bh6 8. g3
O-O 9. Bc4 Nb6 10. Bb3 d5 11. f5 $5 Bg7 ({
A computer would ask White what he has after} 11... Bxc1 12. Qxc1 Bxf5 13. Qh6
f6 {but human beings don't like the opponent's queen next to their king, even
if the attack might be unsound.}) 12. Nh4 Nc4 13. Nc3 a6 14. O-O b5 15. Bxc4
dxc4 16. Be3 Nb4 17. Qf3 Rb8 18. f6 Bh8 19. d5 Bb7 20. Bc5 ({Jerry has taken
the fight to his higher-rated opponent, but here he misses the pretty and
decisive blow} 20. Nf5 $1 {when the forced sequence} gxf5 21. Qxf5 Bxf6 22.
exf6 exf6 23. Ne4 Nxd5 24. Bd4 {leaves Black helpless as} Bc8 {is met by} 25.
Qxd5) 20... Nxd5 21. Rad1 Qc7 22. Nxd5 (22. Rxd5 Bxd5 23. Qe3 {
, with Nf5 in the offing, offers very good compensation for the exchange.} (23.
Qxd5 $2 {but not} Rfd8 $19)) 22... Qxc5+ {White is worse but can continue to
fight on with 23.Qf2. Unfortunately he played the illegal move 23.Nxe7+,
thinking he was mating Black. Alas that made 23.Ne3 obligatory, which hangs
White's queen.} 0-1

[Event "Mechanics' Spring TNM; 30/90, SD/30"]
[Site "San Francisco"]
[Date "2013.04.09"]
[Round "4.34"]
[White "Simpkins, Jerry"]
[Black "Bayaraa, Chinguun"]
[Result "0-1"]
[WhiteElo "1317"]
[BlackElo "1644"]
[PlyCount "80"]
[EventDate "2013.??.??"]

1. e4 c5 2. f4 d6 3. c3 Nf6 4. e5 dxe5 5. fxe5 Nd5 6. d4 cxd4 7. cxd4 e6 8. Nc3
a6 9. Nf3 Nc6 10. Bc4 Nb6 11. Bd3 Nb4 12. Be4 N4d5 13. O-O Bb4 14. Bd2 Bxc3 15.
bxc3 h6 16. Rb1 Nc4 17. Bxd5 Qxd5 18. Qe2 Bd7 19. Qf2 Nxd2 20. Nxd2 O-O 21.
Rfe1 f6 22. Qg3 f5 23. Rb6 Bc6 24. Nf3 Qa5 25. Rb3 b5 26. Nh4 Qxa2 27. Rbb1 Qd2
28. Ng6 Rf7 29. Nf4 Qa2 30. Qg6 Bd5 31. Rbc1 Qa5 32. Re3 Raa7 33. Rg3 Kh8 34.
Nh5 f4 35. Nxf4 Rxf4 36. Qe8+ Kh7 37. Qg6+ Kg8 38. Qe8+ Rf8 39. Qg6 Raf7 40.
Qxh6 Rf1+ 0-1

[Event "Mechanics' Spring TNM; 30/90, SD/30"]
[Site "San Francisco"]
[Date "2013.04.30"]
[Round "7.34"]
[White "Simpkins, Jerry"]
[Black "Doyle, Bryon"]
[Result "0-1"]
[WhiteElo "1317"]
[BlackElo "2005"]
[Annotator "Donaldson"]
[PlyCount "77"]
[EventDate "2013.??.??"]

1. e4 e5 2. Nf3 Nc6 3. Bc4 Nf6 4. Ng5 Bc5 5. Bxf7+ Ke7 6. Bd5 Rf8 7. O-O d6 8.
h3 (8. c3) 8... Qe8 9. Nc3 (9. c3 $1) 9... Qg6 10. d3 h6 11. Nf3 Bxh3 12. Nh4
Qg3 13. Qf3 (13. d4 Bxd4 14. Qxd4 Qxh4 15. Qe3 Bd7) 13... Qxh4 14. Qxh3 Qxh3
15. gxh3 Nd4 $15 16. Bb3 Nh5 17. Kg2 c6 18. Be3 Nf4+ 19. Bxf4 Rxf4 $17 20. Nd1
Raf8 21. Ne3 Nxb3 22. axb3 Bxe3 23. fxe3 Rxf1 24. Rxf1 Rxf1 25. Kxf1 Kf6 26.
Kg2 Kg5 27. Kg3 c5 28. c3 a5 29. c4 b6 30. h4+ Kh5 31. Kh3 g5 32. hxg5 Kxg5 33.
Kg3 h5 34. Kh3 h4 35. Kh2 Kg4 36. Kg2 h3+ 37. Kh2 Kh4 38. Kg1 Kg3 39. Kh1 0-1